Cities at Night #2 - Statistics

General Stats
  • This quiz has been taken 24 times
  • The average score is 9 of 20
Answer Stats
Picture Answer % Correct
Beijing
89%
Rome
89%
Venice
89%
Istanbul
84%
Seattle
84%
Kuala Lumpur
79%
Taipei
63%
San Francisco
42%
Barcelona
37%
Riyadh
37%
Doha
32%
Los Angeles
32%
Madrid
26%
Mumbai
26%
Lisbon
21%
Auckland
11%
Boston
11%
Panama City
11%
Chongqing
5%
Frankfurt
5%
No matching quizzes found
Score Distribution
Percent of People with Each Score
Percentile by Number Answered
Your Score History
You have not taken this quiz